| 000 | 01190nam a2200337 i 4500 | ||
|---|---|---|---|
| 001 | 000006817 | ||
| 003 | DO-SdBNP | ||
| 005 | 20251119123450.0 | ||
| 007 | ta | ||
| 008 | 090903s2003 dr ad 000 0 spa d | ||
| 020 | _a999346158X | ||
| 040 |
_aDO-SdBNP _bspa _cBNPHU _erda |
||
| 082 | 4 |
_a370.115 _bR696d _222 |
|
| 100 | 1 |
_aRodríguez Lorenzo, Eduardo, _d1947- _918954 _eautor |
|
| 245 | 1 | 0 |
_aDidáctica para la aplicación de los ejes transversales : _bpropuesta teórico-práctica / _cEduardo Rodríguez Lorenzo. |
| 264 |
_aSanto Domingo : _bUCSD, _c2003. |
||
| 300 |
_a143 páginas : _bilustraciones, gráficos, tablas ; _c22 cm. |
||
| 336 |
_2rdacontent _atexto _btxt |
||
| 337 |
_2rdamedia _asin mediación _bnc |
||
| 338 |
_2rdacarrier _avolumen _bn |
||
| 490 |
_aPedagógica _v002 |
||
| 500 | _aIncluye datos biográficos del autor en la contracubierta. | ||
| 504 | _aBibliografía : p. 141-143 | ||
| 590 | _aInventariado, 2018/LP | ||
| 650 | 0 |
_aPedagogía _9693 |
|
| 650 | 4 |
_aMétodos de enseñanza _92196 |
|
| 650 | 4 |
_aCapacitación docente _917398 |
|
| 710 | 2 |
_aUniversidad Católica de Santo Domingo _91476 |
|
| 910 | _aValidado. Control de calidad EMS | ||
| 942 |
_2ddc _cLBS1 |
||
| 999 |
_c6605 _d6605 |
||